000 00448cam a22001577a 4500
008 180718b1972 xxu||||| |||| 00| 0 eng d
020 _a11 700134 1
082 _aPx42 Un3
100 _aBynner, J.M.
245 _aParents' attitudes to education
_cby J.M. Bynner
260 _aLondon
_bHer Majesty's
_c1972
300 _av,158p
500 _aSocial Suevey Division
650 _aEducation, Elementary --Great Britain.
650 _aHome and school
999 _c413259
_d413259